=LDR 00000nam 2200000 4500 =001 INLIS000000000058018 =005 20210714091320 =035 ##$$a 0010-0721000113 =007 ta =008 210714###########################0#ind## =020 ##$$a 978-979-29-0491-8 =082 ##$$a 635.933 93 =084 ##$$a 635.933 93 Abd p =245 1#$$a Philodendron : $b Pesona Tanaman Hias Daun Eksklusif =250 ##$$a Cet.1 =300 ##$$a 86 halaman : $b Ilustrasi ; $c 23 Cm. =600 #4$$a Lily Publisher =264 ##$$a Yogyakarta :$b Lily Publisher,$c 2008 =336 ##$$a teks$2 rdacontent =337 ##$$a lain-lain$2 rdamedia =338 ##$$a lain-lain$2 rdacarrier =990 ##$$a 05400540